000 00475nam a22001817a 4500
003 MPLRDC
005 20220104164935.0
008 210129b ||||| |||| 00| 0 eng d
020 _a983-158-616-6
082 _a868.71 MAL
100 _aMALAYSIA TOURISM PROMOTION BOARD
245 _aMERDEKA 50: A SOUVENIR EDITION
_c
250 _aFIRST
260 _aMALAYSIA
_bPRESTON CORPORATION SDN BHD
_c2007
300 _b128
650 _a马华文学
942 _cBK
_o868.71 MAL
999 _c57227
_d57217